00680nam a2200205Ia 4500003000400000005001700004008004100021040001800062041000800080082002100088245006500109250001200174260004900186300002500235650002700260650002900287942003000316999001900346952010900365OSt20230715100242.0210716s1986 xx 000 0 und d cAIMIT LIBRARY aeng a005.43 21bSCOU aSco xenix: bdevelopment system computer graphics interface. a1st ed. aUSA :bGraphic Software Systems Inc ,c1986. a3-270p.;bPBc23 cm. aGraphics model9127091 aSCO CGI function9127092 2ddccBKe1stk005.43 SCOU c182340d182340 001040708MCAaAIMITbAIMITd2021-07-16l0o005.43 SCOUpMCA01848r2026-05-23 00:00:00w2021-07-16yBK